| 000 | 00509nam a2200157Ia 4500 | ||
|---|---|---|---|
| 999 |
_c20263 _d20263 |
||
| 003 | OSt | ||
| 005 | 20200610102916.0 | ||
| 008 | 190216s9999||||xx |||||||||||||| ||und|| | ||
| 040 | _coclc | ||
| 082 |
_a398.20954 _bKOS/I |
||
| 100 |
_aKosambi, D D _92722 |
||
| 245 | 0 |
_aIndian Samskarathinte Roopeekaranathe Kurichulla Padanangal = Myth And Reality / _c D D Kosambi |
|
| 260 |
_bJanashakti Publications, _c1989. |
||
| 300 | _a302p | ||
| 942 |
_cBK _2ddc _h398.20954 _iKOS/M _k398.20954 _mKOS/M |
||